00752 2200253 4500001002100000005001500021035002000036007000300056008004100059020002200100082001100122084001700133100002600150245014600176250001000322260003700332300002900369650001800398700001500416700001400431504003100445990001100476990001100487INLIS00000000000385520190731091422 a0010-0719000273ta190731 g 0 ind  a978-979-3693-13-2 a297.72 a297.72 ABU h0 aABU, Fatiah Al-Adnani1 aHuru-Hara Irak, Syiria, dan Mesir :bAkankah menjadi Pintu Gerbang Munculnya Al-Mahdi? /cAbu Fatiah Al- Adnani; editor, Abu Yusuf, Faqih. Sr acet.3 aSolo :bGranada Mediatama,c2016 a262 hlm :bilus ;c21 cm 4aPERANG. ISLAM0 aABU, Yusuf0 aFAQIH, Sr aBibliografi.: hlm. 260-262 a5564 a a5564 b